Martin Čulen a jeho školský a pedagogický program v znievskom slovenskom katolíckom gymnáziu

Bibliographic Details
Main Author: Parenička, Pavol, 1959- (Author)
Format: Article
Language:Slovak
ISBN:8070904720
Subjects:

MARC

LEADER 00000nab a2200000 ar4500
001 vtls009003264
003 SK-MaSNL
005 20260303065539.0
008 070628c1998 xo |||| ||| 000 b|slo
015 |a SNBRA2007/06  |2 snkbucl 
038 |a SNKBUCL 
040 |a SNKBUCL  |b slo  |c SNKBUCL  |e AACR2 
041 0 |a slo 
044 |a xo  |c SK 
080 |a 373.54:272  |x (437.6)  |x "18"  |2 2001 
080 |a 371  |x (437.6)  |x "18"  |2 2001 
080 |a 37-051  |x "18"  |2 2001 
080 |a 272  |2 2001 
080 |a 94(437.6)-051  |x "18"  |2 2001 
080 |a 929 Čulen, Martin  |2 2001 
100 1 |a Parenička, Pavol,  |d 1959-  |4 aut  |9 100367 
245 1 0 |a Martin Čulen a jeho školský a pedagogický program v znievskom slovenskom katolíckom gymnáziu  |c Pavol Parenička 
504 |a Bibliogr. odkazy 
600 1 7 |a Čulen, Martin,  |d 1823-1894  |2 snkbucl  |9 38383 
610 2 7 |a Prvé slovenské gymnázium (Kláštor pod Znievom, Slovensko)  |2 snkbucl  |9 184439 
610 2 7 |a Gymnázium (Kláštor pod Znievom, Slovensko)  |2 snkbucl  |9 398918 
648 7 |a 1869-1874  |2 snkbucl  |9 488976 
650 0 7 |a slovenské gymnáziá  |2 snkbucl  |9 708087 
650 0 7 |a katolícke slovenské gymnáziá  |2 snkbucl  |9 1065753 
651 7 |a Kláštor pod Znievom (Slovensko)  |2 snkbucl  |9 28361 
651 7 |a Slovensko  |x školstvo  |x dejiny  |2 snkbucl  |9 644292 
773 0 |t Literárnomúzejný letopis 28  |d Martin : Matica slovenská, 1998  |g S. 222-225  |z 8070904720 
852 |a SNK  |b KIS3GCP 
958 |a SK 
958 |a BX 
999 |c 1751645  |d 1753575